000 00524nam a22001937a 4500
003 KOHA_MİRAKIL
005 20251006112449.0
008 251006b tu ||||| |||| 00| 0 tur d
020 _a9789750525902
040 _aTR-AnABB
_btur
_cTR-AnABB
041 _atur
082 _a813.42
_bMER 2019
100 1 _aMeryem, Hatice,
245 1 0 _aYetim /
_cHatice Meryem
260 _aİstanbul :
_bİletişim Yayıncılık,
_c2019
300 _a154 sayfa ;
_c21 cm
650 0 4 _aTürk edebiyatı, roman
942 _2ddc
_cBK
999 _c9105
_d9105
900 _bGizem YORULMAZ